<?xml version="1.0" encoding="UTF-8"?>
<marc:record xmlns:marc="http://www.loc.gov/MARC21/slim">
   <marc:leader>00000nam a2200000 a 4500</marc:leader>
   <marc:datafield ind1="1" ind2=" " tag="100">
      <marc:subfield code="a">Dahlke, Rüdiger</marc:subfield>
      <marc:subfield code="4">aut</marc:subfield>
      <marc:subfield code="e">Verfasser/-in</marc:subfield>
   </marc:datafield>
   <marc:datafield ind1=" " ind2=" " tag="653">
      <marc:subfield code="a">Gesundheit</marc:subfield>
   </marc:datafield>
   <marc:datafield ind1=" " ind2=" " tag="653">
      <marc:subfield code="a">Krankheit</marc:subfield>
   </marc:datafield>
   <marc:datafield ind1=" " ind2=" " tag="653">
      <marc:subfield code="a">Psychologie</marc:subfield>
   </marc:datafield>
   <marc:datafield ind1=" " ind2=" " tag="653">
      <marc:subfield code="a">Seele</marc:subfield>
   </marc:datafield>
   <marc:datafield ind1=" " ind2=" " tag="653">
      <marc:subfield code="a">Körper und Gesundheit</marc:subfield>
   </marc:datafield>
   <marc:datafield ind1=" " ind2=" " tag="653">
      <marc:subfield code="a">Psychoanalyse</marc:subfield>
   </marc:datafield>
   <marc:datafield ind1="0" ind2="0" tag="245">
      <marc:subfield code="a">Krankheit als Symbol</marc:subfield>
   </marc:datafield>
   <marc:datafield ind1="0" ind2="0" tag="245">
      <marc:subfield code="b">Handbuch der Psychosomatik</marc:subfield>
   </marc:datafield>
   <marc:datafield ind1=" " ind2="1" tag="264">
      <marc:subfield code="b">cbt</marc:subfield>
      <marc:subfield code="c">1996</marc:subfield>
   </marc:datafield>
   <marc:datafield ind1="1" ind2=" " tag="520">
      <marc:subfield code="a">Klappentext: »In Hunderten von Krankheitsbildern und Tausenden von Symptomen wird die alte Idee des Paracelsus von der Einheit von Körper und Seele und ihrem engen Zusammenspiel anschaulich deutlich.« Ruediger Dahlke  Über den Autor und weitere Mitwirkende Dr. med. Ruediger Dahlke, Jahrgang 1951, studierte Medizin in München und hatte eine Praxis als Psychotherapeut. Heute ist Ruediger Dahlke als Fastenarzt, Seminarleiter und Vortragender international tätig. Er ist Autor zahlreicher Bestseller wie "Krankheit als Sprache der Seele", die in viele Sprachen übersetzt wurden. Sein Longseller "Krankheit als Symbol" liegt jetzt in einer vollständig aktualisierten Ausgabe vor.</marc:subfield>
   </marc:datafield>
   <marc:datafield ind1=" " ind2=" " tag="020">
      <marc:subfield code="a">9783570122655</marc:subfield>
      <marc:subfield code="9">9783570122655</marc:subfield>
   </marc:datafield>
</marc:record>
